Wörter korrigieren (Rechtschreibung) - Statistiken

Allgemein
  • Dieses Quiz wurde 852 mal gespielt
    612 seit der letzten Aktualisierung
  • Das Durchschnittsergebnis liegt bei 9 aus 10
Antwortstatistiken
falsch ❌ richtig ✅ % Korrekt
Abent Abend
100%
Addresse Adresse
100%
Addresse Adresse
100%
Agentour Agentur
100%
agressif aggressiv
100%
Anung Ahnung
100%
Ambel Ampel
100%
Ankst Angst
100%
Anhenger Anhänger
100%
anullieren annullieren
100%
Atenne Antenne
100%
Antword Antwort
100%
Apfäl Apfel
100%
Apfelsiene Apfelsine
100%
Aparat Apparat
100%
Abril April
100%
Abeiter Arbeiter
100%
Erger Ärger
100%
Ermel Ärmel
100%
Artzt Arzt
100%
Athmosphäre Atmosphäre
100%
Atrappe Attrappe
100%
Augusst August
100%
Ausname Ausnahme
100%
Author Autor
100%
Babie Baby
100%
Bäbi Baby
100%
Becker Bäcker
100%
Balckon Balkon
100%
Balett Ballett
100%
Beispil Beispiel
100%
Belonung Belohnung
100%
Bärlin Berlin
100%
Betrügner Betrüger
100%
Bine Biene
100%
Biltd Bild
100%
Billiard Billard
100%
blint blind
100%
Bluhme Blume
100%
Bocksen Boxen
100%
Brämse Bremse
100%
Brötchän Brötchen
100%
Brükke Brücke
100%
Buchstape Buchstabe
100%
bund bunt
100%
Kämping Camping
100%
Chapucino Cappuccino
100%
Clementiene Clementine
100%
Daxx Dachs
100%
Damfp Dampf
100%
detalliert detailliert
100%
Dinstag Dienstag
100%
Dohnau Donau
100%
Donerstag Donnerstag
100%
Drat Draht
100%
Dräsden Dresden
100%
Jungel Dschungel
100%
Durscht Durst
100%
Eifelturm Eiffelturm
100%
eigendlich eigentlich
100%
Eima Eimer
100%
Einz Eins
100%
Ehlefand Elefant
100%
Electroniek Elektronik
100%
Emphatie Empathie
100%
entgültig endgültig
100%
entlich endlich
100%
Enschuldigung Entschuldigung
100%
Erfolk Erfolg
100%
Ergebniss Ergebnis
100%
Expresso Espresso
100%
Farrstull Fahrstuhl
100%
Farzeug Fahrzeug
100%
phalsch falsch
100%
Faben Farben
100%
Fedär Feder
100%
Feler Fehler
100%
Feint Feind
100%
Fernser Fernseher
100%
fertich fertig
100%
Fielme Filme
100%
Fishe Fische
100%
Fittness Fitness
100%
Flaish Fleisch
100%
Flige Fliege
100%
Flugzeuch Flugzeug
100%
Formelar Formular
100%
Fragä Frage
100%
Fraitag Freitag
100%
Früstük Frühstück
100%
Gallerie Galerie
100%
Gebeude Gebäude
100%
Geburtztag Geburtstag
100%
Gekko Gecko
100%
Gefar Gefahr
100%
Gefülle Gefühle
100%
Geheimis Geheimnis
100%
Gieraffe Giraffe
100%
Gittarre Gitarre
100%
Golt Gold
100%
Golph Golf
100%
Graß Gras
100%
Grupe Gruppe
100%
Hafft Haft
100%
Hei Hai
100%
Hellowin Halloween
100%
Halz Hals
100%
Hauptsahe Hauptsache
100%
Hechse Hexe
100%
Hexxe Hexe
100%
Hiersch Hirsch
100%
Hize Hitze
100%
Hobbie Hobby
100%
hüperaktif hyperaktiv
100%
Imfpung Impfung
100%
Interresse Interesse
100%
Intresse Interesse
100%
Jake Jacke
100%
Jeger Jäger
100%
Janur Januar
100%
Jugentlichär Jugendlicher
100%
Kafee Kaffee
100%
Kefig Käfig
100%
Kanninchen Kaninchen
100%
kapput kaputt
100%
Karrussell Karussell
100%
Keese Käse
100%
Katastrofe Katastrophe
100%
Kärn Kern
100%
Kielometer Kilometer
100%
Klawir Klavier
100%
Klawier Klavier
100%
Gnochen Knochen
100%
Komentar Kommentar
100%
Kraftfarzeuk Kraftfahrzeug
100%
Krahn Kran
100%
Kranckheit Krankheit
100%
Kreiß Kreis
100%
Kreissaal Kreißsaal
100%
Kroiz Kreuz
100%
Kuß Kuss
100%
Landt Land
100%
Läptopp Laptop
100%
Lawendel Lavendel
100%
lehr leer
100%
Leerer Lehrer
100%
Leksikon Lexikon
100%
Lybien Libyen
100%
Libbe Liebe
100%
Liepling Liebling
100%
Looser Loser
100%
Medchen Mädchen
100%
Mayestet Majestät
100%
Martziban Marzipan
100%
Mässer Messer
100%
Mezger Metzger
100%
Migrene Migräne
100%
Migrand Migrant
100%
Mienute Minute
100%
Miesere Misere
100%
Mitwoch Mittwoch
100%
Mondt Mond
100%
Morgän Morgen
100%
Musick Musik
100%
Müze Mütze
100%
Nelcken Nelken
100%
Octoper Oktober
100%
onlein online
100%
Packet Paket
100%
Panoramma Panorama
100%
Papir Papier
100%
Pabrieka Paprika
100%
Pels Pelz
100%
Feffer Pfeffer
100%
Fennig Pfennig
100%
Ferd Pferd
100%
Pfert Pferd
100%
Fingstän Pfingsten
100%
Flanze Pflanze
100%
Flaume Pflaume
100%
plücken pflücken
100%
Fütze Pfütze
100%
Pinwand Pinnwand
100%
plözlich plötzlich
100%
Poitzist Polizist
100%
Ponny Pony
100%
Prachsis Praxis
100%
Profet Prophet
100%
Protzent Prozent
100%
Pubärtet Pubertät
100%
Pulower Pullover
100%
Kwelle Quelle
100%
Rackete Rakete
100%
Radhaus Rathaus
100%
Regisör Regisseur
100%
Rehkids Rehkitz
100%
Renntier Rentier
100%
Renntier Rentier
100%
Reperatur Reparatur
100%
Ressurce Ressource
100%
Rythmus Rhythmus
100%
Riend Rind
100%
Robotter Roboter
100%
Rosienen Rosinen
100%
Saltz Salz
100%
Samtag Samstag
100%
Sändwitsch Sandwich
100%
Skänner Scanner
100%
Schahle Schale
100%
Schauckel Schaukel
100%
Shaum Schaum
100%
Schiffahrt Schifffahrt
100%
schimfen schimpfen
100%
Schmertz Schmerz
100%
Schnizel Schnitzel
100%
Shockolade Schokolade
100%
Schult Schuld
100%
Schülerinen Schülerinnen
100%
Schurcke Schurke
100%
Schweitz Schweiz
100%
Schwerd Schwert
100%
Seensucht Sehnsucht
100%
Sektunde Sekunde
100%
Sepptembar September
100%
Sylvester Silvester
100%
Smily Smiley
100%
Soken Socken
100%
Sontag Sonntag
100%
Spigel Spiegel
100%
Spieze Spitze
100%
Sprey Spray
100%
Spühle Spüle
100%
Statd Stadt
100%
Standart Standard
100%
Statzion Station
100%
Strümfe Strümpfe
100%
Tartsan Tarzan
100%
Tenis Tennis
100%
Terasse Terrasse
100%
Tekst Text
100%
Teater Theater
100%
Tehma Thema
100%
Tieger Tiger
100%
Tolette Toilette
100%
Thomate Tomate
100%
Torthe Torte
100%
Tracktor Traktor
100%
türkies türkis
100%
um sons umsonst
100%
unentlich unendlich
100%
Unglük Unglück
100%
Uniwersum Universum
100%
Unternemen Unternehmen
100%
Untericht Unterricht
100%
Fater Vater
100%
Ferdacht Verdacht
100%
Ferkehr Verkehr
100%
Verließ Verlies
100%
vieleicht vielleicht
100%
Fogel Vogel
100%
foll voll
100%
vorraus voraus
100%
Warheit Wahrheit
100%
Werme Wärme
100%
Waßer Wasser
100%
Weinachten Weihnachten
100%
Weltaal Weltall
100%
Weltrauhm Weltraum
100%
wider wieder
100%
Wollke Wolke
100%
Wurscht Wurst
100%
Zaubrer Zauberer
100%
Zeldt Zelt
100%
zu Behör Zubehör
100%
Zuhg Zug
100%
zurük zurück
100%
Tswilling Zwilling
100%
Flashe Flasche
94%
Heitzun Heizung
94%
Lockomotiwe Lokomotive
94%
Opst Obst
94%
agressiv aggressiv
93%
Decämba Dezember
93%
Glokke Glocke
93%
Oktopusch Oktopus
93%
seelig selig
93%
Strofe Strophe
93%
Tunier Turnier
93%
Hantshuh Handschuh
92%
Johgurt Joghurt
92%
Kommitee Komitee
92%
Liepe Lippe
92%
nähmlich nämlich
92%
orginal original
92%
Papagail Papagei
92%
Kwiss Quiz
92%
Tot Tod
92%
übrigends übrigens
92%
Viedeo Video
92%
Ärgerniss Ärgernis
91%
Äckich eckig
91%
Famillie Familie
91%
Henkst Hengst
91%
Jakett Jackett
91%
Kassino Kasino
91%
Lieter Liter
91%
Schwain Schwein
91%
Triumpf Triumph
91%
Wirfel Würfel
91%
Zuchini Zucchini
91%
Bieber Biber
90%
Tschilli Chili
90%
Humel Hummel
90%
Reienvolge Reihenfolge
90%
Spiene Spinne
90%
Verwandschaft Verwandtschaft
90%
Zalen Zahlen
90%
Erpholg Erfolg
89%
Fehre Fähre
89%
Grichenland Griechenland
89%
Gurcke Gurke
89%
Müke Mücke
89%
Nielferd Nilpferd
89%
Phillipinen Philippinen
89%
Schürtze Schürze
89%
Triumf Triumph
89%
Bohte Bote
88%
Kristbaum Christbaum
88%
Febrar Februar
88%
Flöe Flöhe
88%
Nowemba November
88%
Papscht Papst
88%
Sebelzantieger Säbelzahntiger
88%
Sattelit Satellit
88%
währe wäre
88%
Schampu Shampoo
87%
Apfall Abfall
86%
Häckchen Häkchen
86%
Lizentz Lizenz
86%
Reperatour Reparatur
86%
Schmaltz Schmalz
86%
sizen sitzen
86%
Spanunk Spannung
86%
Akkupunktur Akupunktur
83%
Anorok Anorak
83%
Karisma Charisma
83%
Ertbere Erdbeere
83%
Karnibale Kannibale
83%
Luftballong Luftballon
83%
Pabst Papst
83%
Schmuz Schmutz
83%
Stracatella Stracciatella
83%
Tiem Team
83%
Tepich Teppich
83%
Triologie Trilogie
83%
Fier Vier
83%
Wesbe Wespe
83%
ziehmlich ziemlich
83%
Feh Fee
82%
Hielfe Hilfe
82%
Michser Mixer
82%
Ruhsland Russland
82%
Büffett Büfett
80%
Goriela Gorilla
80%
Paraguy Paraguay
80%
Rohman Roman
80%
Silouette Silhouette
80%
Tabele Tabelle
80%
Tswinger Zwinger
80%
wehre wäre
79%
Oile Eule
78%
Lährche Lerche
78%
Merz März
78%
Obulos Obolus
78%
Author Autor
75%
brilliant brillant
75%
Desein Design
75%
Rewansch Revanche
75%
Rückgrad Rückgrat
75%
Weisenhaus Waisenhaus
75%
Follen Fohlen
73%
Ingeneur Ingenieur
73%
Gaderobe Garderobe
71%
Interbrett Interpret
71%
Portemonee Portemonnaie | Portmonee
71%
Komilitonne Kommilitone
70%
Mobilar Mobiliar
69%
Biskwit Biskuit
67%
Extase Ekstase
67%
Epidämi Epidemie
67%
Ingenör Ingenieur
67%
Müdikkeit Müdigkeit
67%
zu fehlig zufällig
67%
lizensieren lizenzieren
60%
Terrabyte Terabyte
60%
Tschiabatta Ciabatta
58%
Amatur Armatur
57%
Foier Feuer
57%
Biskwitt Biskuit
56%
Terran Terrain
56%
adequat adäquat
50%
Kod Code
50%
Gelantine Gelatine
50%
kluck klug
50%
Wehrmut Wermut
50%
Terabeit Terabyte
47%
Koriphäe Koryphäe
43%
Imbus Inbus
40%
Overtüre Ouvertüre
40%
Büfee Büfett
38%
Standt Strand
38%
Foier Feuer
29%
Dekolltee Dekolleté
22%
Dseens Jeans
20%
Koriphee Koryphäe
0%
Keine übereinstimmenden Quizze gefunden
Verteilung der Resultate
Anzahl Personen mit jedem Resultat
Perzentil nach korrekt beantworteten Fragen
Ihre Resultats-Entwicklung
Sie haben dieses Quiz seit der letzten Aktualisierung nicht gespielt